000 00296nam a2200109Ia 4500
008 220214s9999 xx 000 0 und d
245 0 _aData India
260 _bPress Institute of India
_aNew Delhi
500 _aEnding Volume & Year: 1979,
500 _aStarting Volume & Year: 1974,
942 _cBJ
999 _c8042
_d8042